|
|
|
|
| LEADER |
01232naa a2200277 i 4500 |
| 001 |
acta89777 |
| 005 |
20260303133335.0 |
| 008 |
260303s2025 hu o 100 eng d |
| 020 |
|
|
|a 978-963-688-044-6
|
| 040 |
|
|
|a SZTE Egyetemi Kiadványok Repozitórium
|b hun
|
| 041 |
|
|
|a eng
|
| 100 |
1 |
|
|a Beszédes Sándor
|
| 245 |
1 |
0 |
|a Monitoring anaerobic digestion efficiency and sludge utilization pre-treatments via dielectric parameter measurement
|h [elektronikus dokumentum] :
|b [abstract] /
|c Beszédes Sándor
|
| 260 |
|
|
|a Szegedi Tudományegyetem Mezőgazdasági Kar
|b Hódmezővásárhely
|c 2025
|
| 300 |
|
|
|a 53
|
| 490 |
0 |
|
|a Wellmann International Scientific Conference
|v 22
|
| 650 |
|
4 |
|a Műszaki és technológiai tudományok
|
| 650 |
|
4 |
|a Környezetmérnöki tudományok
|
| 695 |
|
|
|a Biogáztermelés - előadáskivonat, Iszaphasznosítás - előadáskivonat
|
| 700 |
0 |
1 |
|a Lemmer Balázs
|e aut
|
| 700 |
0 |
1 |
|a Fazekas Ákos
|e aut
|
| 700 |
0 |
1 |
|a Dobozi Réka
|e aut
|
| 700 |
0 |
1 |
|a Baló Tünde
|e aut
|
| 700 |
0 |
1 |
|a Jákói Zoltán
|e aut
|
| 711 |
|
|
|a 22th Wellmann International Scientific Conference
|c Hódmezővásárhely
|d 2025. május 15.
|
| 856 |
4 |
0 |
|u http://acta.bibl.u-szeged.hu/89777/1/wellmann_abstracts_2025_053.pdf
|z Dokumentum-elérés
|